000 00825nam a2200229Ii 4500
003 JO-AjNU
008 230605s9999||||xx |||||||||||||| ||und||
020 _a978-9948-416-8
040 _aJO-AjNU
_bara
_erda
_cJO-AjNU
041 _aara
050 1 4 _aDS36.8.N32.2011
100 3 _aعبد القادر، عبد الالة تحرير,
_eauthor
_949606
245 0 0 _aالثقافة العربية: المستقبل والتحديات
250 _aط1
264 3 1 _aعمان: مؤسسة عبد الحميد شومان، 2011
300 _a298ص
336 _atext
_btxt
_2rdacontent
337 _aunmediated
_bn
_2rdamedia
338 _avolume
_bnc
_2rdacarrier
490 0 _aسلسلة الندوات؛ (11)
650 4 _aالثقافة العربية-ندوات، الثقافة العربية، مؤتمرات
_949607
999 _aA21798
_c25366
_d25366